000 00489nam a2200193Ia 4500
003 GCL
008 140319s9999 xx 000 0 eng d
040 _aGCL /
_cGCL
082 0 4 _aCH
_b823.087
_bP S
100 1 _aCOLLIER, JOHN
245 1 0 _aTHE SLEEPING BEAUTY /
_cCOLLIER, JOHN
700 1 _aPERRAULT, CHARLES
260 _a[S.N] :
_bCREATIVE EDUCATION ،
_c1984
300 _a32 P
650 0 4 _aCHILDREN - LITERATURE
650 0 4 _aCHILDREN
650 0 4 _aNOVELS
942 _2ddc
_cBK
999 _c13535
_d13535